UTILISATION OF ELECTRICAL ENERGY (Record no. 19312)
[ view plain ]
| 000 -LEADER | |
|---|---|
| fixed length control field | 00371nam a2200157Ia 4500 |
| 003 - CONTROL NUMBER IDENTIFIER | |
| control field | OSt |
| 005 - DATE AND TIME OF LATEST TRANSACTION | |
| control field | 20240217124956.0 |
| 008 - FIXED-LENGTH DATA ELEMENTS--GENERAL INFORMATION | |
| fixed length control field | 170619s9999 xx 000 0 und d |
| 040 ## - CATALOGING SOURCE | |
| Transcribing agency | IIMT ENGINEERING COLLEGE |
| 100 ## - MAIN ENTRY--PERSONAL NAME | |
| Personal name | PARTAB H |
| 245 #0 - TITLE STATEMENT | |
| Title | UTILISATION OF ELECTRICAL ENERGY |
| 260 ## - PUBLICATION, DISTRIBUTION, ETC. | |
| Name of publisher, distributor, etc. | DHANPAT RAI & CO. |
| 260 ## - PUBLICATION, DISTRIBUTION, ETC. | |
| Date of publication, distribution, etc. | 2011 |
| 546 ## - LANGUAGE NOTE | |
| Language note | ENGLISH |
| 942 ## - ADDED ENTRY ELEMENTS (KOHA) | |
| Source of classification or shelving scheme | |
| Koha item type | Book Bank |
| Withdrawn status | Lost status | Source of classification or shelving scheme | Damaged status | Not for loan | Home library | Current library | Date acquired | Source of acquisition | Barcode | Date last seen | Uniform Resource Identifier | Price effective from | Koha item type |
|---|---|---|---|---|---|---|---|---|---|---|---|---|---|
| IIMT Engineering College-BTech | IIMT Engineering College-BTech | 01/19/2011 | 2 | 06-B-44545 | 07/03/2017 | EC / EN | 07/03/2017 | Text-Book- for 7 days | |||||
| IIMT Engineering College-BTech | IIMT Engineering College-BTech | 01/19/2011 | 2 | 06-B-44546 | 07/03/2017 | EC / EN | 07/03/2017 | Text-Book- for 7 days | |||||
| IIMT Engineering College-BTech | IIMT Engineering College-BTech | 01/19/2011 | 2 | 06-B-44547 | 07/03/2017 | EC / EN | 07/03/2017 | Text-Book- for 7 days | |||||
| IIMT Engineering College-BTech | IIMT Engineering College-BTech | 01/19/2011 | 2 | 06-B-44548 | 07/03/2017 | EC / EN | 07/03/2017 | Text-Book- for 7 days | |||||
| IIMT Engineering College-BTech | IIMT Engineering College-BTech | 01/19/2011 | 2 | 06-B-44549 | 07/03/2017 | EC / EN | 07/03/2017 | Text-Book- for 7 days |

